Dezimalzahlen in Hexadezimalzahlen umrechnen - Statistiken

Allgemein
  • Dieses Quiz wurde 390 mal gespielt
    172 seit der letzten Aktualisierung
  • Das Durchschnittsergebnis liegt bei 10 aus 20
Antwortstatistiken
Hint Antwort % Korrekt
0 0
100%
1 1
100%
16 10
100%
26 1A
100%
59 3B
100%
4 4
83%
3 3
80%
8 8
80%
13 D
78%
28 1C
75%
29 1D
75%
36 24
75%
41 29
75%
5 5
75%
10 A
75%
21 15
67%
23 17
67%
25 19
67%
50 32
67%
54 36
60%
9 9
60%
14 E
56%
2 2
50%
34 22
50%
38 26
50%
46 2E
50%
47 2F
50%
55 37
50%
56 38
50%
58 3A
50%
60 3C
50%
6 6
50%
7 7
50%
51 33
43%
19 13
40%
20 14
40%
24 18
40%
31 1F
40%
37 25
40%
42 2A
40%
49 31
40%
12 C
40%
52 34
33%
11 B
33%
22 16
29%
27 1B
29%
30 1E
29%
40 28
29%
32 20
25%
35 23
25%
39 27
25%
44 2C
25%
48 30
25%
53 35
25%
33 21
20%
45 2D
20%
15 F
20%
17 11
17%
57 39
17%
18 12
0%
43 2B
0%
Keine übereinstimmenden Quizze gefunden
Verteilung der Resultate
Anzahl Personen mit jedem Resultat
Perzentil nach korrekt beantworteten Fragen
Ihre Resultats-Entwicklung
Sie haben dieses Quiz seit der letzten Aktualisierung nicht gespielt